000 04296nab a2200397 i 4500
003 BR-BrBNA
005 20250110114701.0
008 250110b2016 bl.|r|pooa||| 00| 0 eng |
040 _aBR-BrBNA
_beng
072 _aL73
_b5400
072 _aL70
100 _aFeliciano, M.A.R.
100 _aMaronezi, M.C.
100 _aSimões, A.P.R.
100 _a Maciel, G.S.
100 _a Pavan, L.
100 _aGasser, B.
100 _aSilva, P.
100 _aUscategui, R.R.
100 _aCarvalho, C.F.
100 _aCanola, J.C.
100 _aVicente, W.R.R.
245 _aAcoustic radiation force impulse (ARFI) elastography of testicular disorders in dogs: preliminary results
500 _a Publicação online; 20 ref.; 3 illus.; Summaries (En, Pt)
520 _a ABSTRACT - The aim of this study was to describe the use of acoustic radiation force impulse (ARFI) elastography in the evaluation of testicular disorders in dogs. Eighteen dogs with testicular disorders (thirty-six testicles) were assessed. Echotexture, size, contours and margins of testes were analysed by ultrasonography. Deformities and tissue stiffness (greyscale and homogenous or heterogeneous) were evaluated by qualitative elastography and shear velocity was determined quantitatively. Subsequent to orchiectomy, testicular samples were collected for histopathology analysis and thirty-six disorders were identified. Qualitative elastography revealed that normal healthy testicular tissues were homogenous and not pliable while the affected testicles had alterations in tissue stiffness and homogeneity. The values obtained for quantitative elastography of the testicular tissues were: normal/healthy - 1.30±0.12 m/s; degenerated - 0.97±0.08 m/s; atrophied - 2.00±0.35 m/s; hypoplastic - 0.82±0.2 m/s; cystic - 1.32±0.18 m/s; orchitis - 2.68±0.42 m/s; interstitial cell tumours - 3.32±0.65 m/s; sertolioma - 2.99±0.07 m/s and leydigoma - 2.73±0.37. ARFI elastography of abnormal testes proved to be an applicable and complementary technique in the diagnosis of testicular disease in dogs. Keywords: canine, stiffness, testicular disease
520 _a RESUMO - O objetivo deste estudo foi descrever o uso da elastografia ARFI (acoustic radiation force impulse) para avaliar as afecções testiculares em cães. Dezoito cães com distúrbios testiculares (36 testículos) foram avaliados. Ecotextura, tamanho, contornos e margens dos testículos foram avaliados por meio da ultrassonografia modo-B. A presença de deformidades e a rigidez tecidual (escala de cinza; homogênea ou heterogênea) foram avaliadas pela elastografia qualitativa; e a velocidade de cisalhamento foi determinada pela avaliação quantitativa. Amostras dos tecidos testiculares foram coletadas após orquiectomia para o diagnóstico histopatológico. Após ultrassonografia, orquiectomia e histopatologia, foram identificados 36 distúrbios em tecidos testiculares. Durante a elastografia qualitativa, os tecidos normais apresentaram-se homogêneos e não deformáveis; os testículos alterados demonstraram alterações na rigidez tecidual e de sua homogeneidade. Para a elastografia quantitativa, os valores obtidos foram: tecidos normais  1,30±0,12m/s; degenerados  0,97±0,08m/s; atrofiados  2,00±0,35m/s; hipoplásicos  0,82±0,2m/s; cistos  1,32±0,18m/s; orquite  2,68±0,42m/s; tumores de células intersticiais  3,32±0,65m/s; sertolioma  2,99±0,07m/s; e leydigoma  2,73±0,37m/s. A elastografia ARFI de testículos anormais em cães demonstrou ser uma técnica aplicável e complementar para o diagnóstico de doenças testiculares nessa espécie animal. Palavras-chave: canino, rigidez, doença testicular
650 _aCÃO
650 _aDOENÇA ANIMAL
650 _aDIAGNÓSTICO
650 _aTESTÍCULO
650 _aVETERINÁRIA
773 0 _01643
_9347390
_dBelo Horizonte-MG Universidade Federal de Minas Gerais - Escola de Veterinaria 1983
_o2024-8403
_tArquivo Brasileiro de Medicina Veterinária e Zootecnia (Brazil)
_x0102-0935
_gv. 68(2) p. 283-291; (2016)
_wBR2024004352
856 _uhttps://www.scielo.br/j/abmvz/a/RZjFxCzSq8XQhfr3XxZvWVd/?format=pdf&lang=en
942 _cANA
999 _c329546
_d329546